01785cam a22003614a 450000100090000000300050000900500170001400800410003101000170007201500190008901600180010802000290012602000260015503500240018104000540020504200080025905000210026708200190028808400230030710000180033024500610034825000740040926000410048330000340052449000340055850000080059250400530060052006790065365000180133265000170135070000310136770000250139816550900NUST20171215115741.0101123s2011 flua b 001 0 eng  a 2010045165 aGBB0A80802bnb7 a0156446942Uk a9781420085198 (hardback) a1420085190 (hardback) a(OCoLC)ocn663444941 aDLCcDLCdYDXdBTCTAdBAKERdUKMdYDXCPdBWXdDLC apcc00aTP751b.K54 201100a665.73 KID222 aSCI0130602bisacsh1 aKidnay, A. J.10aFundamentals of natural gas processing.cArthur J.Kidnay a2nd ed. /bArthur J. Kidnay, William R. Parrish, Daniel G. McCartney. aBoca Raton, FL :bCRC Press,cc2011. axxi, 552 p. :bill. ;c26 cm.0 aMechanical engineering ;v218 aH.B aIncludes bibliographical references and indexes. a"Updated to cover new advances, this book introduces the natural gas industry to readers new to the field or those providing a narrow service who would benefit from an understanding of the overall process. The initial chapters give a brief overview of basic concepts applicable throughout the chemical processing industry. The second part addresses natural gas processing, following the gas stream from purchase at the wellhead to its entrance at the market place. Wherever possible, advantages, limitations, and ranges of applicability of various processes are discussed so that their integration into the overall gas plant can be fully appreciated"--Provided by publisher. 0aGas industry. 0aNatural gas.1 aParrish, William Rutledge.1 aMcCartney, Daniel G.